000 02027cam a2200169 4500500
005 20251228095227.0
041 _afre
042 _adc
100 1 0 _aBouyssy, Maïté
_eauthor
245 0 0 _aQue veut une forme ? Le néogothique sans rivage
260 _c2005.
500 _a73
520 _aRésuméOn trouvera ici une étude comparée des illustrations du Code pénal français réalisées en 1941 par Joseph Hémard puis, en 1959, par Siné, et de celles dont bénéficia, en 1995, grâce à Francis Le Gunehec, le Nouveau Code pénal. L’attention portée aux tandems que ces images constituent avec les trois états du texte législatif, comme au relief quelles donnent à certains types d’infractions et de sanctions, permet de mettre en évidence des lectures graphiques qui, au-delà du Code proprement dit, replacent les formulations de la loi, non pas tant dans leurs contextes sociologiques que dans l’ensemble de la chaîne procédurale. Autrement dit, c’est le processus pénal lato sensu qui est convoqué, et à l’occasion bousculé, pour mieux aiguiser le regard critique sur le langage et les partis pris politico-juridiques du seul Code pénal.
520 _aThis is the comparative study of two sets of pictures created for the French Code pénal, the first by Joseph Hémard in 1941, the second by Siné in 1959, and a third one devoted to the Nouveau Code pénal by Francis Le Gunehec in 1995. When, going into details, one considers the connection of these drawings with the legal text, and how they strategically emphasize some particular infringements or penalties, it becomes obvious that the language in the Code pénal itself, mirror of political choices, is criticized not really on the ground of social reality, but far more on account of the complete procedural chain.
786 0 _nSociétés & Représentations | 20 | 2 | 2005-09-01 | p. 5-22 | 1262-2966
856 4 1 _uhttps://shs.cairn.info/revue-societes-et-representations-2005-2-page-5?lang=fr&redirect-ssocas=7080
999 _c1605909
_d1605909